Music Quiz

Random Music or Clickable Quiz
Score 0/50 Timer 10:00
0 Plays Today
% Correct
Haydn
70%
Palestrina
65%
Handel
65%
Berlioz
60%
Liszt
60%
Rachmaninoff
60%
Haydn
60%
Haydn
60%
Palestrina
55%
Handel
55%
Liszt
55%
Rimsky-Korsakov
55%
Rachmaninoff
55%
Berlioz
55%
Berlioz
50%
Bartok
50%
Palestrina
50%
Rimsky-Korsakov
50%
Haydn
50%
Mahler
50%
Berlioz
45%
Bartok
45%
Bartok
45%
Palestrina
45%
Liszt
45%
% Correct
Rachmaninoff
45%
Rachmaninoff
45%
Mahler
45%
Berlioz
45%
Handel
40%
Rimsky-Korsakov
40%
Rachmaninoff
40%
Rachmaninoff
40%
Haydn
40%
Mahler
40%
Handel
35%
Liszt
35%
Rimsky-Korsakov
35%
Rachmaninoff
35%
Rachmaninoff
35%
Rachmaninoff
35%
Rachmaninoff
35%
Mahler
35%
Berlioz
35%
Palestrina
30%
Haydn
30%
Haydn
25%
Mahler
25%
Mahler
25%
Berlioz
20%
Remove Ads.
Support Sporcle.
Get the best of Sporcle when you Go Orange. This ad-free experience offers more features, more stats, and more fun while also helping to support Sporcle. Thank you for becoming a member.

You're not logged in!

Compare scores with friends on all Sporcle quizzes.
OR
Log In

Show Comments

Extras

Created Jan 7, 2015ReportNominate
Tags:Clickable Quiz, 2014, Composer, focus

Top Quizzes Today


Score Distribution

Your Account Isn't Verified!

In order to create a playlist on Sporcle, you need to verify the email address you used during registration. Go to your Sporcle Settings to finish the process.

Report this User

Report this user for behavior that violates our Community Guidelines.

Details: